000 00705cam a2200253 4500500
005 20260405002139.0
041 _afre
042 _adc
100 1 0 _ade Oliveira, Victorine
_eauthor
245 0 0 _aSept conceptions de l’histoire
260 _c2016.
500 _a86
690 _aAron
690 _aAuguste Comte
690 _aBossuet
690 _aHegel
690 _aHistoire
690 _aMarx
690 _aNietzsche
690 _aSens de l’histoire
690 _aWalter Benjamin
786 0 _nPhilosophie magazine | 97 | 3 | 2016-03-01 | p. 44-44 | 1951-1787
856 4 1 _uhttps://shs.cairn.info/magazine-philosophie-magazine-2016-3-page-44?lang=fr&redirect-ssocas=7080
999 _c2054762
_d2054762